| 000 | 00717nam a22002057a 4500 | ||
|---|---|---|---|
| 003 | OSt | ||
| 005 | 20260423015514.0 | ||
| 008 | 250704b |||||||| |||| 00| 0 eng d | ||
| 020 | _a978-1-63057-649-3 | ||
| 040 |
_aDWC-Main Lib _cOC |
||
| 082 | _aCirc. 620.004 202 85 L816a 2024 | ||
| 100 | _aLockhart, Shawna | ||
| 245 |
_aAutoCad 2025 instructor: _ba student guide for in-depth coverage of autocad's commands and features/ _cShawna Lockhart & James Leach |
||
| 260 |
_aUnited States of America: _bSCD Publications, _cc2024 |
||
| 300 |
_axxii, 1235 pages: _billustrations; _c27 cm. |
||
| 504 | _aIncludes appendix and index. | ||
| 650 | _a1.AutoCad. | ||
| 700 | _aLeach, James | ||
| 942 |
_2ddc _cBK-CIRC _kCirc. _n0 |
||
| 999 |
_c3409 _d3409 |
||